Statistics for NBA Top 20 Shooting Guards of All Time

Click here to take the quiz!

General Stats

  • This quiz has been taken 21 times
  • The average score is 14 of 20

Answer Stats

HintTeamAnswer% Correct
1BullsMichael Jordan
100%
3HeatDwyane Wade
95%
2LakersKobe Bryant
95%
8PacersReggie Miller
95%
5RocketsJames Harden
90%
16SpursManu Ginobili
90%
476ersAllen Iverson
86%
7TrailblazersClyde Drexler
86%
14WarriorsKlay Thompson
86%
10RaptorsVince Carter
86%
9HeatRay Allen
81%
12MagicTracy Mcgrady
76%
6SpursGeorge Gervin
71%
18PistonsJoe Dumars
52%
15CelticsSam Jones
43%
17SupersonicsDennis Johnson
38%
11KnicksEarl Monroe
38%
19CelticsBill Sharman
33%
1376ersHal Greer
33%
20LakersGail Goodrich
29%

Score Distribution

Percentile by Number Answered

Percent of People with Each Score

Your Score History

You have not taken this quiz